La stanza /

সংরক্ষণ করুন:
গ্রন্থ-পঞ্জীর বিবরন
প্রধান লেখক: Paris, Renzo (লেখক)
বিন্যাস: গ্রন্থ
ভাষা:ইতালিয়
প্রকাশিত: [Roma] : Carte segrete, 1971
মালা:I futuribili ; 4
ট্যাগগুলো: ট্যাগ যুক্ত করুন
কোনো ট্যাগ নেই, প্রথমজন হিসাবে ট্যাগ করুন!

MARC

LEADER 00000nam a22000007i 4500
001 IT\ICCU\UBO\3193168
003 ItRI
005 20260115232340.0
008 070426s1971 it |||||| ||||| |||||c
040 |b ita  |c importazione bologna sebina 
041 7 |a ita  |2 ISO-639-2 
100 1 |a Paris, Renzo  |0 IT\ICCU\CFIV\002448  |4 aut 
245 1 3 |a La stanza /  |c Renzo Paris. 
260 |a [Roma] :  |b Carte segrete,  |c 1971 
300 |a 90 p. ;  |c 21 cm 
830 2 |a I futuribili ;  |v 4  |0 IT\ICCU\RAV\0119240 
942 |2 ddc  |c BK  |n 0 
952 |0 0  |1 0  |4 0  |6 DOC_853_914000000000000_PAR  |7 0  |9 24587  |a BO  |b BO  |d 2026-01-15  |i 528  |l 0  |o DOC 853.914 PAR  |p BO528  |r 2026-01-15 23:23:40  |w 2026-01-15  |x [Sebina 7] [1 v.]  |y BK  |z 1 v. 
999 |c 20920  |d 20920